| 000 | 00803cab a2200265 4500 | ||
|---|---|---|---|
| 001 | WB3309-44 | ||
| 008 | 090401t1997 xxu||||| |||| 00| 0 eng d | ||
| 035 | _a(Sirsi) u59943 | ||
| 041 | _aeng | ||
| 245 | _aEuro property lures US cash | ||
| 260 | _c1997 | ||
| 350 | _a0 | ||
| 490 |
_aProperty Week _v58(7) 21 February 1997, 15(1) |
||
| 520 | _aEuropean cross-border property deals have continued apace last year according to research by Healey & Baker with the US being the major player. | ||
| 650 | _aPROPERTY-COMMERCIAL PROPERTY | ||
| 650 | _aCROSS-BORDER PROPERTY DEALS | ||
| 650 | _aEUROPE | ||
| 650 | _aHEALEY & BAKER | ||
| 650 | _aINVESTMENT MARKET | ||
| 650 | _aINWARD INVESTMENT | ||
| 650 | _aUNITED STATES | ||
| 690 | _aOVERSEAS-EUROPE | ||
| 942 | _n0 | ||
| 948 | _c04/03/1997 | ||
| 999 |
_c36886 _d36886 |
||